Coaching: mitos y realidades

Saved in:
Bibliografiske detaljer
Hovedforfatter: Cantera, Javier (Author)
Format: Bog
Sprog:spansk
Udgivet: Madrid Pearson Educación 2004
Serier:Biblioteca Aedipe de Recursos Humanos
Fag:
Tags: Tilføj Tag
Ingen Tags, Vær først til at tagge denne postø!

MARC

LEADER 00000nam a2200000 a 4500
001 UCK4053
003 CL-VaPUC
008 050520e20040000SP |||||||||||||||||spa|d
020 |a 8420540390 
082 0 4 |a 658.4  |b CAN  |2 21 
100 0 |a Cantera, Javier  |e author  |9 492435 
245 1 0 |a Coaching: mitos y realidades 
300 |a 238 p 
942 |c BK 
945 |d 20050520 00:00:00  |a cmena 
260 |a Madrid  |b Pearson Educación  |c 2004 
650 0 |a Liderazgo  |9 271835 
650 0 |a Administración del personal  |9 260442 
650 0 |a Planificación estratégica   |9 259735 
650 0 |a Desarrollo profesional   |9 492436 
583 |a last modification  |c 20050520 00:00:00  |k Rodrigo Vera 
490 0 |a Biblioteca Aedipe de Recursos Humanos 
999 |c 313029  |d 313027 
952 |0 0  |1 0  |4 0  |6 658_400000000000000_CAN_2004  |7 0  |8 A  |9 384078  |a BIBENE  |b BIBENE  |d 2019-11-22  |i 4129253  |o 658.4 CAN 2004  |p 4129253  |r 2025-01-15  |w 2019-11-22  |y BK  |k ICO 
952 |0 0  |1 0  |4 0  |6 658_400000000000000_CAN_2004  |7 0  |8 A  |9 384079  |a BIBENE  |b BIBENE  |d 2019-11-22  |i 4169921  |o 658.4 CAN 2004  |p 4169921  |r 2025-01-15  |w 2019-11-22  |y BK  |k ICO